000 00341 a2200157 4500
001 61434
020 _a9788576830825
040 _cAnchieta - Pituba
100 _aGasparini, María Victoria
240 1 0 _aLaços de amor
_lpor
245 1 0 _aLaços de amor
300 _a59
362 0 _a2007
650 4 _aLiteratura juvenil
942 _cBK
999 _c61434
_d61434